Normal view
MARC view
- Rosen, Betty
Entry Personal Name
001 - CONTROL NUMBER
- control field: 107847
003 - CONTROL NUMBER IDENTIFIER
- control field: NUST
005 - DATE AND TIME OF LATEST TRANSACTION
- control field: 20230127095125.0
008 - FIXED-LENGTH DATA ELEMENTS
- fixed length control field: 230127|| aca||aabn | a|a d
040 ## - CATALOGING SOURCE
- Original cataloging agency: NUST
- Transcribing agency: NUST
100 ## - HEADING--PERSONAL NAME
- Personal name: Rosen, Betty
670 ## - SOURCE DATA FOUND
- Source citation: Work cat.: (NUST)185954: Rosen, Betty., How to set and achieve goals :, c1981.
